zpět

Detail výsledku týmu

Bounty Rock Cafe, Olomouc

Datum a čas kvízu

23 Celkem bodů Celkový počet nahraných bodů na tomto kvízu bez doplňovacích otázek.
10. Pořadí na kvízu Konečné umístění týmu na tomto kvízu.

Zaznamenané odpovědi

# Otázka Odpověď Body Výsledky
1. Jak se jmenuje sídlo na Uhersk... D 1
2. Předvolební boj na Slovensku s... Igor Matovič, Robert Kaliňák 0.5
3. V pátek měla na Netflixu premi... Bory 1
4. Ve které zemi vydal telekomuni... ve Francii 0
5. Která tenistka, světová jednič... Simona Halep 1
6. Anglický výraz GOAT zkracuje o... Bobby Orr 1
7. Nejrychlejší muž planety a osm... Carl Lewis 0
8. Pokud se kohokoliv zeptáte na... 1D 2A 3C 4B 0
9. Do éry kralování Michaela Schu... A 1
10. V březnu 2023 tato americká ly... Mikaela Shiffrin 1